|
|
|
|
| LEADER |
00000cam a22000004a 4500 |
| 001 |
musev2_48618 |
| 003 |
MdBmJHUP |
| 005 |
20230905045043.0 |
| 006 |
m o d |
| 007 |
cr||||||||nn|n |
| 008 |
151209s2016 miu o 00 0 eng d |
| 020 |
|
|
|a 9781609174958
|
| 020 |
|
|
|z 9781628962680
|
| 020 |
|
|
|z 9781628952681
|
| 020 |
|
|
|z 9781611862096
|
| 035 |
|
|
|a (OCoLC)966885209
|
| 040 |
|
|
|a MdBmJHUP
|c MdBmJHUP
|
| 041 |
1 |
|
|a eng
|h fre
|
| 100 |
1 |
|
|a Bhêly-Quenum, Olympe,
|e author.
|
| 240 |
1 |
0 |
|a C'etait à Tigony.
|l English
|
| 245 |
1 |
0 |
|a As She Was Discovering Tigony /
|c Olympe Bhely-Quenum ; translated by Tomi Adeaga.
|
| 264 |
|
1 |
|a East Lansing :
|b Michigan State University Press,
|c [2016]
|
| 264 |
|
3 |
|a Baltimore, Md. :
|b Project MUSE,
|c 2017
|
| 264 |
|
4 |
|c ©[2016]
|
| 300 |
|
|
|a 1 online resource (262 pages).
|
| 336 |
|
|
|a text
|b txt
|2 rdacontent
|
| 337 |
|
|
|a computer
|b c
|2 rdamedia
|
| 338 |
|
|
|a online resource
|b cr
|2 rdacarrier
|
| 490 |
0 |
|
|a African humanities and the arts
|
| 588 |
|
|
|a Description based on print version record.
|
| 650 |
|
7 |
|a African literature (French)
|2 fast
|0 (OCoLC)fst00799857
|
| 650 |
|
7 |
|a FICTION
|x General.
|2 bisacsh
|
| 650 |
|
6 |
|a Litterature africaine (française)
|
| 650 |
|
0 |
|a African literature (French)
|
| 655 |
|
7 |
|a Electronic books.
|2 local
|
| 700 |
1 |
|
|a Adeaga, Tomi,
|d 1968-
|e translator.
|
| 710 |
2 |
|
|a Project Muse.
|e distributor
|
| 830 |
|
0 |
|a Book collections on Project MUSE.
|
| 856 |
4 |
0 |
|z Texto completo
|u https://projectmuse.uam.elogim.com/book/48618/
|
| 945 |
|
|
|a Project MUSE - Custom Collection
|
| 945 |
|
|
|a Project MUSE - 2017 Complete
|
| 945 |
|
|
|a Project MUSE - 2017 Poetry, Fiction and Creative Non-Fiction
|